000
00317nam a2200133Ia 4500
008
191201s2014 xx 000 0 und d
100
_a
GUPTA,CB
245
0
_a
Business Organisation and Management
250
_a
9th ED
260
_a
N. delhi
_b
Sultan Chand
_c
2014
300
_a
misc
650
_a
BBA
942
_2
ddc
_c
BK
999
_c
6202
_d
6202